Real animals - sudden death - Statistics

General Stats
  • This quiz has been taken 797 times
  • The average score is 11 of 29
Answers on the Grid
Answers color-coded by a green-red scale on the quiz's grid according to % correct below.
Cyclops
Elephant
Honey badger
Swordfish
Unicorn
Seahorse
Minotaur
Wild boar
Naked mole-rat
Kraken
Pushme-pullme
Ewok
Boghog
Tree kangaroo
Gremlin
Roc
Werewolf
Secretary bird
Pleasing fungus beetle
Troglodyte
Giant anteater
Cheshire cat
Groundhog
Roadrunner
Skunk
Newt
Faun
Greenish warbler
Terrapin
Abominable snowman
Fried egg jellyfish
Mermaid
Pufferfish
Ampulex dementor
Honey buzzard
Paradoxical frog
Zlanbeast
Wattlebird
Exclamatory paradise whydah
Ghost catshark
Walleye
Parrotfish
Perplexing scrubwren
Mongolian death worm
Jackalope
Deep-water sickle-fin houndshark
Dragon
Bony-eared assfish
 
Answer Stats
Answer % Correct
Elephant
92%
Seahorse
85%
Swordfish
81%
Wild boar
75%
Honey badger
73%
Naked mole-rat
68%
Skunk
63%
Groundhog
53%
Newt
53%
Giant anteater
51%
Pufferfish
51%
Roadrunner
40%
Parrotfish
37%
Secretary bird
36%
Tree kangaroo
36%
Terrapin
30%
Fish Walleye
21%
Wattlebird
18%
Honey buzzard
17%
Deep-water sickle-fin houndshark
15%
Pleasing fungus beetle
15%
Greenish warbler
14%
Fried egg jellyfish
13%
Bony-eared assfish
12%
Ghost catshark
11%
Paradoxical frog
9%
Perplexing scrubwren
5%
African bird Exclamatory paradise whydah
4%
A type of wasp Ampulex dementor
1%
No matching quizzes found
Score Distribution
Percent of People with Each Score
Percentile by Number Answered
Your Score History
You have not taken this quiz